000
00243nam a2200097Ia 4500
008
230605s9999 xx 000 0 und d
041
_a
eng
100
_a
Bhattacharya
245
_a
French for hotel managent & tourism industry
650
_a
French
999
_c
417022
_d
417022